Debates in Transgender, Queer, and Feminist Theory : (Record no. 15438)
[ view plain ]
| 000 -LEADER | |
|---|---|
| fixed length control field | 01763cam a2200385 a 4500 |
| 001 - CONTROL NUMBER | |
| control field | 16283733 |
| 005 - DATE AND TIME OF LATEST TRANSACTION | |
| control field | 20110525102529.0 |
| 008 - FIXED-LENGTH DATA ELEMENTS--GENERAL INFORMATION | |
| fixed length control field | 100615s2010 enk b 001 0 eng |
| 010 ## - LIBRARY OF CONGRESS CONTROL NUMBER | |
| LC control number | 2010024834 |
| 015 ## - NATIONAL BIBLIOGRAPHY NUMBER | |
| National bibliography number | GBB073169 |
| Source | bnb |
| 016 7# - NATIONAL BIBLIOGRAPHIC AGENCY CONTROL NUMBER | |
| Record control number | 015578435 |
| Source | Uk |
| 020 ## - INTERNATIONAL STANDARD BOOK NUMBER | |
| International Standard Book Number | 1409403939 (hbk. : alk. paper) |
| 020 ## - INTERNATIONAL STANDARD BOOK NUMBER | |
| International Standard Book Number | 9781409403937 (hbk. : alk. paper) |
| 035 ## - SYSTEM CONTROL NUMBER | |
| System control number | (OCoLC)ocn642287576 |
| 040 ## - CATALOGING SOURCE | |
| Original cataloging agency | DLC |
| Transcribing agency | DLC |
| Modifying agency | YDX |
| -- | UKM |
| -- | YDXCP |
| -- | CDX |
| -- | BWX |
| -- | NTE |
| -- | DLC |
| 042 ## - AUTHENTICATION CODE | |
| Authentication code | pcc |
| 050 00 - LIBRARY OF CONGRESS CALL NUMBER | |
| Classification number | HQ77.9 |
| Item number | .E57 2010 |
| 082 00 - DEWEY DECIMAL CLASSIFICATION NUMBER | |
| Classification number | 306.768 |
| Edition number | 22 |
| Item number | ELL |
| 100 1# - MAIN ENTRY--PERSONAL NAME | |
| Personal name | Elliot, Patricia, |
| Dates associated with a name | 1955- |
| 9 (RLIN) | 24276 |
| 245 10 - TITLE STATEMENT | |
| Title | Debates in Transgender, Queer, and Feminist Theory : |
| Remainder of title | Contested Sites / |
| Statement of responsibility, etc | Patricia Elliot. |
| 260 ## - PUBLICATION, DISTRIBUTION, ETC. (IMPRINT) | |
| Place of publication, distribution, etc | Farnham, Surrey, England ; |
| -- | Burlington, VT : |
| Name of publisher, distributor, etc | Ashgate Pub., 2010 |
| Date of publication, distribution, etc | c2010. |
| 300 ## - PHYSICAL DESCRIPTION | |
| Extent | xvi, 185 p. ; |
| Dimensions | 24 cm. |
| 490 1# - Series Statement | |
| Series statement | Queer interventions |
| -- | 24277 |
| 504 ## - BIBLIOGRAPHY, ETC. NOTE | |
| Bibliography, etc | Includes bibliographical references (p. [157]-179) and index. |
| 505 0# - FORMATTED CONTENTS NOTE | |
| Formatted contents note | Feminist embattlement on the field of trans -- Revaluing gender diversity beyond the TS/TG hierarchy -- Desire and the "(un)becoming other" : the question of intelligibility -- Risking the unfamiliar : psychic complexity in theories of transsexual embodiment -- Still not in our genes : theorizing complex bodies. |
| 650 #0 - SUBJECT ADDED ENTRY--TOPICAL TERM | |
| Topical term or geographic name as entry element | Transgenderism. |
| 9 (RLIN) | 24278 |
| 650 #0 - SUBJECT ADDED ENTRY--TOPICAL TERM | |
| Topical term or geographic name as entry element | Feminist theory. |
| 9 (RLIN) | 24279 |
| 650 #0 - SUBJECT ADDED ENTRY--TOPICAL TERM | |
| Topical term or geographic name as entry element | Gender identity. |
| 9 (RLIN) | 24280 |
| 650 #0 - SUBJECT ADDED ENTRY--TOPICAL TERM | |
| Topical term or geographic name as entry element | Queer theory. |
| 9 (RLIN) | 24281 |
| 653 ## - INDEX TERM--UNCONTROLLED | |
| Resource For college | |
| Arrived date list | May2011 |
| 830 #0 - SERIES ADDED ENTRY--UNIFORM TITLE | |
| Uniform title | Queer interventions. |
| 9 (RLIN) | 24282 |
| 942 ## - ADDED ENTRY ELEMENTS (KOHA) | |
| Source of classification or shelving scheme | Dewey Decimal Classification |
| Item type | Book - Borrowing |
| Withdrawn status | Item status | Source of classification or shelving scheme | Damaged status | Not for loan | Vendor | Home library | Current library | Shelving location | Date acquired | Source of acquisition | Cost, normal purchase price | Serial Enumeration / chronology | Total Checkouts | Full call number | Barcode | Date last seen | Date last borrowed | Koha item type |
|---|---|---|---|---|---|---|---|---|---|---|---|---|---|---|---|---|---|---|
| Dewey Decimal Classification | Baccah | Central Library | Central Library | First floor | 29/05/2011 | 617.00 | 12337 | 1 | 306.768 ELL | 000023763 | 15/07/2025 | 25/09/2017 | Book - Borrowing |